000 00304nam a22001217a 4500
008 170728b xxu||||| |||| 00| 0 eng d
041 _aeng
080 _a004
100 _a31
101 _aSHK
245 _aPROGRAMMING AN INTRODUCTION TO COMPUTER LANGUAGES AND TECHNIQUES
_cMAURER,W.D
942 _2udc
_cBK
999 _c22078
_d22078